000 00676nam a2200229 a 4500
001
003 DO-SdBNP
005 20211227120428.0
008 090918s1998 dr r 000 0 spa d
040 _aDO-SdBNP
_bspa
_cBPMSU
082 _aRD860.9
_bB171s, 1998
_222
100 1 _aBalaguer, Joaquín
_d1906-2002
_92
245 1 0 _aSemblanzas literarias /
_cJoaquín Balaguer.
250 _a4a ed.
260 _aSanto Domingo, :
_bEditorial de la Cruz Aybar,
_c1998.
300 _a325 p. ;
_c23 cm.
504 _aBibliografía : p. 311-318
590 _aInventariado, 2021/VM
650 4 _aLiteratura dominicana
_xHistoria y crítica
910 _aVMateo V.
942 _2ddc
_cBK
999 _c13924
_d13924